Statistics for UK Number 1 Singles of the 1990s

Click here to take the quiz!

General Stats

  • This quiz has been taken 120 times
    (89 since last reset)
  • The average score is 133 of 206

Answer Stats

YearSongArtist% Correct
1997Mama / Who Do You Think You AreSpice Girls
97%
1998GoodbyeSpice Girls
97%
1990Ice Ice BabyVanilla Ice
97%
1998Viva ForeverSpice Girls
97%
19962 Become 1Spice Girls
97%
1998FrozenMadonna
97%
1996Say You'll Be ThereSpice Girls
97%
1997Spice Up Your LifeSpice Girls
97%
1996WannabeSpice Girls
97%
1990VogueMadonna
97%
1997Too MuchSpice Girls
97%
1993Five LiveGeorge Michael & Queen with Lisa Stansfield
95%
1993Relight My FireTake That featuring Lulu
94%
1991Don't Let the Sun Go Down on MeGeorge Michael & Elton John
94%
1990Nothing Compares 2 USinead O'Connor
94%
1997Candle in the Wind 1997 / Something About The Way You Look TonightElton John
92%
1995Never ForgetTake That
92%
1991Bohemian Rhapsody / These Are the Days of Our LivesQueen
92%
1995Back for GoodTake That
92%
1991InnuendoQueen
92%
1996How Deep Is Your LoveTake That
92%
1999...Baby One More TimeBritney Spears
92%
1993PrayTake That
92%
1993BabeTake That
92%
1990Sacrifice / Healing HandsElton John
92%
1994SureTake That
92%
1994Everything ChangesTake That
92%
1995Earth SongMichael Jackson
91%
1995Think TwiceCeline Dion
91%
1997Blood on the Dance FloorMichael Jackson
91%
1997D'You Know What I Mean?Oasis
91%
1998All Around the WorldOasis
91%
1996Don't Look Back in AngerOasis
91%
1999I Have a Dream / Seasons in the SunWestlife
91%
1995You Are Not AloneMichael Jackson
91%
1991Black or WhiteMichael Jackson
91%
1999Flying Without WingsWestlife
91%
1998My Heart Will Go OnCeline Dion
91%
1995Some Might SayOasis
91%
1999Swear It AgainWestlife
91%
1999If I Let You GoWestlife
91%
1998BelieveCher
89%
1999She's the One / It's Only UsRobbie Williams
89%
1991The Shoop Shoop Song (It's in His Kiss)Cher
89%
1992I Will Always Love YouWhitney Houston
89%
1995Love Can Build a BridgeCher, Chrissie Hynde & Neneh Cherry with Eric Clapton
89%
1998MillenniumRobbie Williams
89%
1991(Everything I Do) I Do It for YouBryan Adams
86%
1996A Different BeatBoyzone
84%
1999When the Going Gets ToughBoyzone
84%
1996WordsBoyzone
84%
1998No Matter WhatBoyzone
84%
1999You Needed MeBoyzone
84%
1997MMMBopHanson
84%
1998All That I NeedBoyzone
84%
1999Livin' La Vida LocaRicky Martin
83%
1996Jesus to a ChildGeorge Michael
83%
1996FastloveGeorge Michael
83%
1993Boom! Shake the RoomDJ Jazzy Jeff & The Fresh Prince
83%
1997Men in BlackWill Smith
83%
1997Teletubbies say "Eh-Oh"Teletubbies
83%
1993I'd Do Anything for Love (But I Won't Do That)Meat Loaf
81%
1990Saviour's DayCliff Richard
81%
1998Doctor JonesAqua
81%
1998Turn Back TimeAqua
81%
1997Barbie GirlAqua
81%
1999The Millennium PrayerCliff Richard
81%
1995BoombasticShaggy
80%
1997The Drugs Don't WorkThe Verve
80%
1997I Believe I Can FlyR Kelly
80%
1997BeetlebumBlur
80%
1993Oh CarolinaShaggy
80%
1995Country HouseBlur
80%
1994Love Is All AroundWet Wet Wet
78%
1995Gangsta's ParadiseCoolio featuring LV
78%
1992Goodnight GirlWet Wet Wet
78%
1999Heartbeat / TragedySteps
78%
1996Killing Me SoftlyFugees
77%
1996Ready or NotFugees
77%
1999Genie in a BottleChristina Aguilera
77%
1996FirestarterThe Prodigy
75%
1996BreatheThe Prodigy
75%
1997DiscothequeU2
75%
1990Hangin' ToughNew Kids on the Block
75%
1994Stay Another DayEast 17
75%
1991The FlyU2
75%
1993Mr BlobbyMr Blobby
73%
1991Do the BartmanThe Simpsons
73%
1998Bootie CallAll Saints
73%
1991Should I Stay or Should I GoThe Clash
73%
1995I Believe / Up on the roofRobson Green & Jerome Flynn
73%
1998Under the Bridge / Lady MarmaladeAll Saints
73%
1996What Becomes of the Brokenhearted / Saturday Night at the Movies / You'll Never Walk AloneRobson Green & Jerome Flynn
73%
1995Unchained Melody / (There'll Be Bluebirds Over) The White Cliffs of DoverRobson Green & Jerome Flynn
73%
1998Never EverAll Saints
73%
1999I Want It That WayBackstreet Boys
72%
1999When You Say Nothing at AllRonan Keating
72%
1997Don't SpeakNo Doubt
72%
1991Any Dream Will DoJason Donovan
70%
1999MariaBlondie
69%
1990Tears on My PillowKylie Minogue
69%
1993All That She WantsAce of Base
67%
1992Deeply DippyRight Said Fred
67%
1999Praise YouFatboy Slim
67%
1999Chocolate Salty Balls (P.S. I Love You)Chef
66%
1990KillerAdamski featuring Seal
66%
1998RollercoasterB*Witched
64%
1999Blame It on the WeathermanB*Witched
64%
1998C'est La VieB*Witched
64%
1998If You Tolerate This Your Children Will Be NextManic Street Preachers
64%
1998To You I BelongB*Witched
64%
1999We're Going to IbizaVengaboys
63%
1994Things Can Only Get BetterD;Ream
63%
1994The Most Beautiful Girl in the WorldPrince
63%
1998Because We Want ToBillie
63%
1999Mi Chico LatinoGeri Halliwell
63%
1998GirlfriendBillie
63%
1995FairgroundSimply Red
63%
1999Boom Boom Boom BoomVengaboys
63%
1999Lift Me UpGeri Halliwell
63%
1990World in MotionEngland New Order
63%
1991Bring Your Daughter...to the SlaughterIron Maiden
61%
1992Rhythm Is a DancerSnap!
61%
1999Bring It All BackS Club 7
61%
1991The One and OnlyChesney Hawkes
61%
1990The PowerSnap!
61%
1998Brimful of Asha (The Norman Cook Remix)Cornershop
59%
1994Saturday NightWhigfield
59%
1998It's Like ThatRun DMC vs Jason Nevins
59%
19983 Lions '98Baddiel, Skinner & The Lightning Seeds
59%
1993No Limit2 Unlimited
59%
1996Three LionsBaddiel, Skinner & The Lightning Seeds
59%
1996Ooh Aah...Just a Little BitGina G
58%
1999Mambo No. 5 (A Little Bit Of...)Lou Bega
58%
1990The JokerThe Steve Miller Band
56%
1995Cotton Eye JoeRednex
56%
1991DizzyVic Reeves & The Wonder Stuff
56%
1992End of the RoadBoyz II Men
55%
1990A Little TimeThe Beautiful South
55%
1994Without YouMariah Carey
55%
1999Perfect MomentMartine McCutcheon
55%
1990Unchained MelodyThe Righteous Brothers
53%
1997I'll Be Missing YouPuff Daddy & Faith Evans featuring 112
53%
1996Return of the MackMark Morrison
52%
1993DreamsGabrielle
52%
1996Breakfast at Tiffany'sDeep Blue Something
52%
1997I Wanna Be the Only OneEternal featuring Bebe Winans
52%
1994Come on You RedsManchester United FC
50%
1993(I Can't Help) Falling in Love With YouUB40
50%
1992Abba-esque (EP)Erasure
48%
1992Sleeping SatelliteTasmin Archer
48%
1999Blue (Da Ba Dee)Eiffel 65
47%
1996Setting SunThe Chemical Brothers
47%
1998Deeper UndergroundJamiroquai
47%
1997Block Rockin' BeatsThe Chemical Brothers
47%
1992Would I Lie To You?Charles and Eddie
47%
1999Keep on Movin'Five
47%
1993Young at HeartThe Bluebells
47%
1992Ebeneezer GoodeThe Shamen
47%
1999Pretty Fly (for a White Guy)The Offspring
45%
1990Show Me HeavenMaria McKee
44%
1997Professional WidowTori Amos
44%
1994DoopDoop
44%
1993Living on My OwnFreddie Mercury
42%
19913 a.m EternalThe KLF ft. The Children Of The Revolution
42%
1992Ain't No DoubtJimmy Nail
41%
1999Fly AwayLenny Kravitz
41%
1991Sadeness (Part 1)Enigma
39%
1996I Feel YouPeter Andre
39%
1996FlavaPeter Andre
39%
1990Dub Be Good to MeBeats International
38%
1995Boom Boom BoomOuthere Brothers
38%
1992StayShakespears Sister
38%
1995Don't Stop (Wiggle Wiggle)Outhere Brothers
38%
1996SpacemanBabylon Zoo
38%
1997You're Not AloneOlive
38%
1991The StonkHale and Pace
36%
1997Your WomanWhite Town
36%
1996Forever LoveGary Barlow
34%
1993Mr VainCulture Beat
34%
1997Love Won't WaitGary Barlow
34%
1991I Wanna Sex You UpColor Me Badd
34%
1994Let Me Be Your FantasyBaby D
33%
1999Flat BeatMr. Oizo
30%
19999pm (Till I Come)ATB
30%
1997Perfect DayVarious Artists
30%
1996Knockin' on Heaven's DoorVarious Artists
30%
1994Baby Come BackPato Banton with Robin Campbell and Ali Campbell
28%
1994InsideStiltskin
28%
1999King of My CastleWamdue Project
28%
1999Everybody's Free (To Wear Sunscreen)Baz Luhrmann
28%
1990Itsy Bitsy Teenie Weenie Yellow Polka Dot BikiniBombalurina
27%
1998You Make Me WannaUsher
27%
1998I Want You BackMelanie B featuring Missy Elliott
27%
1995DreamerLivin' Joy
25%
1990Turtle PowerPartners in Kryme
23%
1998Freak MeAnother Level
23%
1994Twist and ShoutChaka Demus & Pliers
22%
1998Feel ItThe Tamperer featuring Maya
22%
1992Please Don't Go / Game BoyKWS
20%
1999Sweet Like ChocolateShanks & Bigfoot
19%
1999U Don't Know MeArmand Van Helden
17%
1994The Real ThingTony Di Bart
16%
1999A Little Bit More911
14%
1997Ain't NobodyLL Cool J
9%
1998Gym and TonicSpacedust
6%

Score Distribution

Percentile by Number Answered

Percent of People with Each Score

Your Score History

You have not taken this quiz since the last reset